Leadership and management tools for the new nurse: a case study approach. / (Record no. 9372)
[ view plain ]
| 000 -LEADER | |
|---|---|
| fixed length control field | 02327cam a2200349 a 4500 |
| 001 - CONTROL NUMBER | |
| control field | 16989416 |
| 003 - CONTROL NUMBER IDENTIFIER | |
| control field | OSt |
| 005 - DATE AND TIME OF LATEST TRANSACTION | |
| control field | 20230227121914.0 |
| 008 - FIXED-LENGTH DATA ELEMENTS--GENERAL INFORMATION | |
| fixed length control field | 111003s2012 paua b 001 0 eng |
| 010 ## - LIBRARY OF CONGRESS CONTROL NUMBER | |
| LC control number | 2011041430 |
| 020 ## - INTERNATIONAL STANDARD BOOK NUMBER | |
| International Standard Book Number | 9781609137830 (pbk) |
| 035 ## - SYSTEM CONTROL NUMBER | |
| System control number | (DNLM)101570498 |
| 040 ## - CATALOGING SOURCE | |
| Transcribing agency | LC |
| 042 ## - AUTHENTICATION CODE | |
| Authentication code | pcc |
| 050 00 - LIBRARY OF CONGRESS CALL NUMBER | |
| Classification number | RT89.M38 |
| 100 1# - MAIN ENTRY--PERSONAL NAME | |
| Personal name | Marquis, Bessie L. |
| 9 (RLIN) | 886 |
| 245 10 - TITLE STATEMENT | |
| Title | Leadership and management tools for the new nurse: a case study approach. / |
| Statement of responsibility, etc. | Bessie L. Marquis, Carol J. Huston. |
| 260 ## - PUBLICATION, DISTRIBUTION, ETC. | |
| Place of publication, distribution, etc. | Philadelphia: |
| Name of publisher, distributor, etc. | Wolters Kluwer Health/Lippincott Williams & Wilkins, |
| Date of publication, distribution, etc. | 2012. |
| 300 ## - PHYSICAL DESCRIPTION | |
| Extent | vi, 466 p. : |
| Other physical details | ill. (some col.) ; |
| Dimensions | 23 cm. |
| 500 ## - GENERAL NOTE | |
| General note | Adaptation of: Leadership roles and management functions in nursing. 7th ed. c2012. |
| 504 ## - BIBLIOGRAPHY, ETC. NOTE | |
| Bibliography, etc. note | Includes bibliographical references and index. |
| 505 0# - FORMATTED CONTENTS NOTE | |
| Formatted contents note | Contents: The essential tools of effective leadership and management: Understanding the characteristics of leadership and management -- Effective leadership and management decision making -- Ethical components of leadership and management -- Legal issues and patient's rights issues impacting leading and managing -- Planning tools for the new nurse: The planning process -- Becoming a successful change agent -- Budgetary planning -- Organizing tools for the new nurse: How organizations work -- Organizing patient care -- The impact of power, politics and collective bargaining on organizational climate -- Staffing tools for the new nurse: Making the most of interviews -- Developing self and others -- Effective staffing and scheduling -- Directing tools for the new nurse: Motivation -- Managing time wisely -- Delegation and supervision -- The importance of good communication -- Managing conflict -- Controlling tools for the new nurse: The quality control process -- The performance appraisal -- Discipline and coaching techniques -- |
| 650 12 - SUBJECT ADDED ENTRY--TOPICAL TERM | |
| Topical term or geographic name entry element | Leadership. |
| 9 (RLIN) | 38 |
| 650 12 - SUBJECT ADDED ENTRY--TOPICAL TERM | |
| Topical term or geographic name entry element | Nursing, Supervisory. |
| 9 (RLIN) | 239 |
| 650 22 - SUBJECT ADDED ENTRY--TOPICAL TERM | |
| Topical term or geographic name entry element | Nurse Administrators. |
| 9 (RLIN) | 237 |
| 650 22 - SUBJECT ADDED ENTRY--TOPICAL TERM | |
| Topical term or geographic name entry element | Nursing |
| General subdivision | organization & administration. |
| 9 (RLIN) | 887 |
| 700 1# - ADDED ENTRY--PERSONAL NAME | |
| Personal name | Huston, Carol J. |
| 9 (RLIN) | 888 |
| 730 0# - ADDED ENTRY--UNIFORM TITLE | |
| Uniform title | Leadership roles and management functions in nursing. |
| 9 (RLIN) | 889 |
| 906 ## - LOCAL DATA ELEMENT F, LDF (RLIN) | |
| a | 7 |
| b | cbc |
| c | orignew |
| d | 1 |
| e | ecip |
| f | 20 |
| g | y-gencatlg |
| 942 ## - ADDED ENTRY ELEMENTS (KOHA) | |
| Source of classification or shelving scheme | Library of Congress Classification |
| Koha item type | Books |
| Withdrawn status | Lost status | Source of classification or shelving scheme | Damaged status | Not for loan | Home library | Current library | Shelving location | Date acquired | Total Checkouts | Full call number | Barcode | Date last seen | Price effective from | Koha item type |
|---|---|---|---|---|---|---|---|---|---|---|---|---|---|---|
| Library of Congress Classification | WISCONSIN INTERNATIONAL UNIVERSITY COLLEGE, GHANA KUMASI LIBRARY | WISCONSIN INTERNATIONAL UNIVERSITY COLLEGE, GHANA KUMASI LIBRARY | nursing | 09/02/2023 | RT89.M38 | KSN/1095/042/23 | 27/02/2023 | 27/02/2023 | Books |
